| 000 | 01199nam a2200337 i 4500 | ||
|---|---|---|---|
| 003 | CO-MqBPB | ||
| 005 | 20220524145845.0 | ||
| 007 | ta | ||
| 008 | 210805s2019 ck a jr 000 j spa d | ||
| 020 | _a9789583058868 | ||
| 040 |
_aCO-MqBPB _bspa _cCO-MqBPB _erda |
||
| 041 | 0 | _aspa | |
| 082 |
_aAC _bBAIc |
||
| 084 | _aC BAI1 | ||
| 100 | 1 |
_aBáidaba _eautor _964405 |
|
| 245 | 1 | 0 |
_aCalila y Dimna : _bEl libro del soberano y del Político / _cBáidaba ; versión directa del árabe y presentación Antonio Chalita Sfair |
| 250 |
_aSegunda edición _bPrimera Re impresión |
||
| 264 | 1 |
_aBogotá D. C. , Colombia _bPanamericana Formas e Impresos _c2022 |
|
| 300 |
_a347 páginas _bilustraciones _c21 cm |
||
| 336 |
_atexto _btxt _2rdacontent |
||
| 337 |
_asin mediación _bn _2rdamedia |
||
| 338 |
_avolumen _bnc _2rdacarrier |
||
| 490 | 0 | _aLiteratura Universal | |
| 504 | _aIncluye referencias bibliográficas | ||
| 521 | _aRecomendado para un público mayor de 15 años | ||
| 650 | 1 | 7 |
_aCuentos hindúes _2ARMARC _964406 |
| 650 | 1 | 7 |
_aLiteratura hindu _2ARMARC _9178536 |
| 650 | 1 | 7 |
_aFábulas hindúes _2ARMARC _9178537 |
| 700 | 1 |
_aChalita Sfair, Antonio _etraductor _911256 |
|
| 942 |
_2ddc _cBKLIT |
||
| 999 |
_c14234 _d14234 |
||